Statistiques concernant 15 principaux pays touchés par Covid-19 - 9 septembre

Cliquez ici pour prendre le quiz!

Statistiques générales

  • Ce quiz a été pris 17 fois
  • Le résultat moyen est 10 sur 23

Statistiques - réponses

pays% Correct
France
100%
Etats-Unis
88%
Brésil
81%
Royaume-Uni
81%
Russie
81%
Espagne
75%
Argentine
69%
Mexique
63%
Inde
50%
Colombie
44%
Pérou
44%
Chili
38%
Chili
38%
Iran
38%
Qatar
25%
Afrique du Sud
19%
Bahreïn
19%
Arménie
13%
Bangladesh
13%
Koweït
13%
Israël
6%
Oman
6%
Panama
6%

Distribution des résultats

Percentile par nombre de réponses

% des personnes avec chaque résultat

Votre développement - résultats

Vous n’avez pas pris ce quiz